Incentive for enforcement (Record no. 84455)

MARC details
000 -LEADER
fixed length control field 00631cab a22001935a 4500
001 - CONTROL NUMBER
control field L157759
008 - FIXED-LENGTH DATA ELEMENTS--GENERAL INFORMATION
fixed length control field 130430e20130427xxk 000 0 eng d
035 ## - SYSTEM CONTROL NUMBER
System control number (Sirsi) u157759
041 0# - LANGUAGE CODE
Language code of text/sound track or separate title eng
100 1# - MAIN ENTRY--PERSONAL NAME
Personal name Robinson, Kevin
245 00 - TITLE STATEMENT
Title Incentive for enforcement
260 ## - PUBLICATION, DISTRIBUTION, ETC.
Date of publication, distribution, etc. 2013
490 ## - SERIES STATEMENT
Series statement Estates Gazette
Volume/sequential designation (1317) 27 April 2013, 90-92(3)
520 ## - SUMMARY, ETC.
Summary, etc. Warns that despite the lack prosecutions since the Bribery Act 2010 came into force attitudes amongst the Serious Fraud Office are toughening towards illegal payments.
590 ## - LOCAL NOTE (RLIN)
Local note KA
651 #4 - SUBJECT ADDED ENTRY--GEOGRAPHIC NAME
Geographic name United Kingdom
690 ## - LOCAL SUBJECT ADDED ENTRY--TOPICAL TERM (OCLC, RLIN)
Topical term or geographic name as entry element Business and management
942 ## - ADDED ENTRY ELEMENTS (KOHA)
Suppress in OPAC 0
Holdings
Withdrawn status Lost status Source of classification or shelving scheme Damaged status Not for loan Home library Current library Shelving location Date acquired Total Checkouts Full call number Barcode Date last seen Copy number Price effective from Koha item type
    Dewey Decimal Classification     London London Journal article 30/04/2013   L157759 157759-1001 06/08/2019 1 06/08/2019 Journal article